All New Pokémon in Isle of Armor DLC - Statistics

General Stats
  • This quiz has been taken 26 times
  • The average score is 64 of 109
Answer Stats
Gen Answer % Correct
1 Blastoise
92%
1 Bulbasaur
92%
1 Ivysaur
92%
1 Slowbro
92%
2 Slowking
92%
1 Slowpoke
92%
1 Squirtle
92%
1 Venusaur
92%
1 Wartortle
92%
1 Abra
83%
1 Alakazam
83%
1 Kadabra
83%
1 Jigglypuff
75%
8 Kubfu
75%
1 Starmie
75%
1 Staryu
75%
8 Urshifu
75%
1 Wigglytuff
75%
1 Golduck
67%
2 Igglybuff
67%
7 Lycanroc
67%
1 Pinsir
67%
2 Politoed
67%
1 Poliwag
67%
1 Poliwhirl
67%
1 Poliwrath
67%
1 Psyduck
67%
7 Rockruff
67%
1 Sandshrew
67%
1 Sandslash
67%
5 Scolipede
67%
1 Scyther
67%
1 Tentacool
67%
1 Tentacruel
67%
5 Venipede
67%
5 Whirlipede
67%
2 Azumarill
58%
3 Azurill
58%
2 Blissey
58%
4 Buneary
58%
1 Chansey
58%
1 Cubone
58%
6 Dedenne
58%
2 Dunsparce
58%
6 Fletchinder
58%
6 Fletchling
58%
7 Fomantis
58%
2 Heracross
58%
6 Klefki
58%
4 Lickilicky
58%
1 Lickitung
58%
4 Lopunny
58%
7 Lurantis
58%
1 Magnemite
58%
1 Magneton
58%
2 Marill
58%
1 Marowak
58%
7 Palossand
58%
7 Sandygast
58%
2 Scizor
58%
2 Skarmory
58%
6 Talonflame
58%
1 Tauros
58%
8 Zarude
58%
5 Amoonguss
50%
5 Bouffalant
50%
6 Clauncher
50%
6 Clawitzer
50%
7 Comfey
50%
6 Dragalge
50%
5 Emolga
50%
1 Exeggcute
50%
1 Exeggutor
50%
5 Foongus
50%
4 Happiny
50%
5 Herdier
50%
1 Horsea
50%
1 Kangaskhan
50%
2 Kingdra
50%
5 Lilligant
50%
3 Loudred
50%
4 Magnezone
50%
5 Petilil
50%
1 Seadra
50%
6 Skrelp
50%
1 Tangela
50%
4 Tangrowth
50%
3 Whismur
50%
5 Zoroark
50%
5 Zorua
50%
3 Exploud
42%
5 Krokorok
42%
5 Krookodile
42%
5 Larvesta
42%
5 Lillipup
42%
4 Luxio
42%
4 Luxray
42%
5 Sandile
42%
4 Shinx
42%
5 Stoutland
42%
5 Volcarona
42%
3 Carvanha
33%
5 Druddigon
33%
5 Mienfoo
33%
5 Mienshao
33%
2 Miltank
33%
3 Sharpedo
33%
2 Porygon 2
25%
4 Porygon-Z
25%
No matching quizzes found
Score Distribution
Percent of People with Each Score
Percentile by Number Answered
Your Score History
You have not taken this quiz